| 000 | 010560000a22002170004500 | ||
|---|---|---|---|
| 020 | _a84-293-0599-8 | ||
| 041 | 0 | _aSPA | |
| 082 | 0 | 4 | _aG 173.1 M9355m |
| 110 | 1 | _aMovimiento Familiar Cristiano | |
| 245 | 1 | 0 | _aMatrimonio y familia : Guiones para el diálogo conyugal y de grupo / Movimiento Familiar Cristiano |
| 250 | _a3 | ||
| 260 | _aSantander, España : Sal Terrae | ||
| 300 | _a117 Pag. | ||
| 505 | 0 | 0 | _ael matrimonio y la familia como realidades humanas -- la persona humana en el matrimonio -- la vida conyugal como proyecto en común -- la sexualidad humana y conyugal -- la familia -- visión cristiana del matrimonio y la familia -- la experiencia de estar casados por la iglesia -- el plan de Dios sobre el hombre y la pareja -- el sacramento del matrimonio -- doctrina actual de la iglesia sobre el matrimonio y la familia |
| 650 | 1 | 4 | _aMATRIMONIO E IGLESIA CATOLICA \ FAMILIA CRISTIANA |
| 001 | 1295 | ||
| 942 | _cBK | ||
| 999 |
_c32618 _d32618 |
||
| 336 |
_atexto _btxt _2rdacontent |
||
| 337 |
_2rdamedia _asin mediación _bn |
||
| 338 |
_2rdacarrier _avolumen _bnc |
||